<?xml version="1.0" encoding="UTF-8"?>
<record
    xmlns:xsi="http://www.w3.org/2001/XMLSchema-instance"
    xsi:schemaLocation="http://www.loc.gov/MARC21/slim http://www.loc.gov/standards/marcxml/schema/MARC21slim.xsd"
    xmlns="http://www.loc.gov/MARC21/slim">

  <leader>00147nam a22000737a 4500</leader>
  <datafield tag="245" ind1=" " ind2=" ">
    <subfield code="a">Dr. Jekyle &amp; Mr. Hyde </subfield>
  </datafield>
  <datafield tag="260" ind1=" " ind2=" ">
    <subfield code="b">Little Scholez</subfield>
  </datafield>
  <datafield tag="942" ind1=" " ind2=" ">
    <subfield code="2">ddc</subfield>
    <subfield code="c">BK</subfield>
  </datafield>
  <datafield tag="999" ind1=" " ind2=" ">
    <subfield code="c">4441</subfield>
    <subfield code="d">4441</subfield>
  </datafield>
  <datafield tag="952" ind1=" " ind2=" ">
    <subfield code="0">0</subfield>
    <subfield code="1">0</subfield>
    <subfield code="2">ddc</subfield>
    <subfield code="4">0</subfield>
    <subfield code="7">0</subfield>
    <subfield code="a">MIETPSJ</subfield>
    <subfield code="b">MIETPSJ</subfield>
    <subfield code="d">2023-04-15</subfield>
    <subfield code="e">Savera Pub</subfield>
    <subfield code="g">99.00</subfield>
    <subfield code="l">3</subfield>
    <subfield code="p">J02581</subfield>
    <subfield code="r">2023-11-07</subfield>
    <subfield code="s">2023-10-31</subfield>
    <subfield code="w">2023-04-11</subfield>
    <subfield code="y">BK</subfield>
    <subfield code="k">22-23/CRB/16</subfield>
  </datafield>
</record>
